000 00443nam a2200169Ia 4500
005 20250507125759.0
008 008 250505s9999 xx 000 0 kor d
037 _aAudio
040 _aEASL
_beng
_cEASL
041 _akor
_2eng
084 _aCD00085
_qEASL
245 0 _aColorro bonun Hangukjeonjeang = Korean War in Color.
365 _aW
_b17800
650 _aKorean
942 _cAUD
_hCD00085
999 _c1313068
_d1313068